000 01138nam a22002657a 4500
999 _c7499
_d7499
003 AR-CdUCM
008 190320b ||||| |||| 00| 0 spa d
040 _aMUNICIPALIDAD PROVINCIAL DEL CUSCO
_cBIBLIOTECA MUNICIPAL DEL CUSCO
041 _heng
082 _a630.8 /
_bR56
110 _aServicio de conservación de suelos departamento de Agricultura de los Estados Unidos de América.
_921034
245 _aRiego por aspersión /
260 _aMéxico D. F. :
_bDiana,
_c1972
300 _a102 páginas ;
_bfiguras,
_c23 cm.
440 _aColección Ingeniería de suelos.
_n6
_921163
500 _aManual de Ingeniería de suelos, colección 15: Riego.
505 _aContenido: Principios de su aplicación -- Adaptabilidad de método de aspersión -- Procedimiento para la planeación -- Requisitos de capacidad -- Selección del aspersorio ...
650 _aAspersión
_921164
650 _aSistemas para granja
_921165
650 _aDiseño de la tubería
_921166
700 _aÁvila de la Torre, Emilio (traductor)
_921037
710 _aCentro Regional de Ayuda Técnica AID.
_921038
942 _2ddc
_cLIBROS
945 _aachl